All Alan Walker's songs - Statistics

General Stats
  • This quiz has been taken 202 times
    138 since last reset
  • The average score is 23 of 80
Answer Stats
Year Feat. Song % Correct
2014 - Fade
99%
2016 - Alone
91%
2015 - Faded
88%
2017 - The Spectre
82%
2018 Au/ra, Tomine Harket Darkside
80%
2015 - Spectre
70%
2018 Julie Bergan, K-391, Seungri Ignite
69%
2018 K-391, Emelie Hollow Lily
65%
2019 Sabrina Carpenter, Farruko On My Way
64%
2017 Noah Cyrus, Digital Farm Animals All Falls Down
62%
2019 Ava Max Alone part 2
62%
2018 Sofia Carson, K-391, CORSAK Different World
61%
2016 - Sing me to sleep
59%
2019 K-391, Tungevaag, Mangoo Play
58%
2018 Sophia Somajo Diamond Heart
57%
2017 Gavin James Tired
53%
2020 K-391, Ahrix End Of Time
49%
2020 Ruben Heading Home
42%
2020 Hans Zimmer Time
42%
2019 Walkers Unity
42%
2021 Benjamin Ingrosso Man On The Moon
37%
2015 - Force
34%
2017 Remix (League of Legends) Legends Never Die
34%
2021 ISÁK Sorry
34%
2021 salem ilese Fake Smile
32%
2022 Alok, KIDDO Headlights
32%
2018 Sorana Lost Control
32%
2018 Steve Aoki, Isák, Omar Noir Lonely
31%
2021 K-391, Boy in Space Paradise
31%
2016 David Whistle Routine
30%
2017 Alex Skrindo Sky
29%
2022 Torine Hello World
28%
2019 Au/Ra Ghost
27%
2016 Remix (Alan Walker x Coldplay) Hymn for the Weekend
25%
2018 Julie Bergen I Don't Wanna go
25%
2021 Emma Steinbakken Not You
25%
2021 Imanbek Sweet Dreams
25%
2019 Steve Aoki, Isák Are You Lonely
24%
2022 - The Drum
23%
2021 Winona Oak World We Used To Know
23%
2019 The Aviation Theme Avem
22%
2022 Ina Wroldsen Blue
21%
2020 VIZE, Edward Artemyev, Leony Space Melody
21%
2019 A$AP Rocky Live Fast
20%
2018 Remix (Alan Walker x Kygo & OneRepublic) Stranger Things
20%
2017 Remix (Alan Walker x Ina Wroldsen) Strongest
19%
2022 Trevor Daniel Extremes
18%
2017 Remix (Avicii, Rita Ora) Lonely Together
18%
2018 Trevor Guthrie Do It All for You
17%
2013 - Hope
16%
2018 Keala Settle & The Greatest Showman Ensemble This Is Me
16%
2016 Remix (Alan Walker x Sia) Move Your Body
15%
2021 Au/Ra Out Of Love
15%
2021 JOP OK
14%
2019 Remix (Alan Walker x Pedro Capó, Farruko) Calma
12%
2022 Au/Ra Somebody Like U
12%
2021 Au/Ra Dead Girl!
10%
2012 - Celebrate
8%
2016 Remix (Alan Walker x Digital Farm Animals&Cash Cash, Nelly) Millionaire
8%
2013 - 135
7%
2019 Huang Xiaoyun Sad Sometimes
7%
2022 Remix (Alok, John Martin) Wherever You Go
7%
2012 - Big Universe
6%
2013 - Burn 2.0
6%
2012 - New Heart
6%
2017 Remix (Noah Cyrus, XXXTentacion) Again
5%
2021 Remix (Hans Zimmer) Hummell Gets the Rockets
5%
2012 - Memories
5%
2012 DJ Ness Splash The Bass
5%
2013 - Golden Alley
4%
2012 - Light Dreams
4%
2013 - Relax
4%
2013 - Energy
3%
2013 - Perry 2013
3%
2013 J3zarx Walkzarx
3%
2013 - Above The Sky
1%
2020 - Angels
0%
2017 - Darkness Faded
0%
2019 - Love Again
0%
2013 - War Of Melodieswar
0%
No matching quizzes found
Score Distribution
Percent of People with Each Score
Percentile by Number Answered
Your Score History
You have not taken this quiz since the last reset